000 00599nam a2200229Ia 4500
003 OSt
005 20221007074244.0
006 a|||||r|||| 00| 0
007 ta
008 221006b |||||||| |||| 00| 0 eng d
024 _a11,165
037 _cReference Collections
040 _aFLL
_cFLL
_beng
041 _2eng
_aeng
082 _aZaN7, K7.5
245 0 _aLaw books recommended for libraries
260 _aN.J.
_bFred B. Rothman & Co N.J.
_c1967
300 _a502p
_ccm.
490 _vVol. 5
942 _hZaN7, K7.5
_cREF
_2CC
999 _c1151704
_d1151704